Aprendiendo de nuestro pasado indígena: la etnia Yamana
Guardat en:
| Autor principal: | |
|---|---|
| Format: | Llibre |
| Idioma: | espanyol |
| Publicat: |
Punta Arenas
FONDART
1995
|
| Matèries: | |
| Etiquetes: |
Afegir etiqueta
Sense etiquetes, Sigues el primer a etiquetar aquest registre!
|
MARC
| LEADER | 00000nam a2200000 a 4500 | ||
|---|---|---|---|
| 001 | UCR8266 | ||
| 003 | CL-VaPUC | ||
| 008 | 980529e19950000CL |||||||||||||||||spa|d | ||
| 082 | 0 | 4 | |a 305.8 |b AND |2 21 |
| 100 | 0 | |a Andrade G., María Angélica |e author |9 409904 | |
| 245 | 1 | 0 | |a Aprendiendo de nuestro pasado indígena: la etnia Yamana |
| 300 | |a 100 p | ||
| 942 | |c BK | ||
| 945 | |d 19980529 00:00:00 |a rbrito | ||
| 260 | |a Punta Arenas |b FONDART |c 1995 | ||
| 650 | 0 | |a Indígenas |9 317064 | |
| 650 | 0 | |a Culturas indígenas |9 266389 | |
| 650 | 0 | |a Costumbres y tradiciones |9 268292 | |
| 650 | 0 | |a Creencias religiosas |9 373391 | |
| 650 | 7 | |a ESTRUCTURA SOCIAL |2 CL-VaPUC |9 409905 | |
| 650 | 7 | |a COSTUMBRES INDIGENAS |2 CL-VaPUC |9 268052 | |
| 650 | 7 | |a LEYENDAS |2 CL-VaPUC |9 265258 | |
| 650 | 7 | |a ETNIAS |2 CL-VaPUC |9 375976 | |
| 650 | 0 | |a Yámanas |9 390629 | |
| 583 | |a last modification |c 19980529 00:00:00 |k Rodrigo Vera | ||
| 999 | |c 269729 |d 269727 | ||
| 952 | |0 0 |1 0 |4 0 |6 305_800000000000000_AND_1995 |7 0 |8 X |9 303654 |a FDOMLP |b FDOMLP |d 2019-11-20 |i 3425789 |o 305.8 AND 1995 |p 3425789 |r 2019-11-20 |w 2019-11-20 |y BK_X |k BU2 | ||